South Eastern Kenya University

Library Online Public Access Catalogue


Selected poems / (Record no. 13519)

MARC details
000 -LEADER
fixed length control field 00519cam a2200205 i 4500
001 - CONTROL NUMBER
control field 1810253
003 - CONTROL NUMBER IDENTIFIER
control field OSt
005 - DATE AND TIME OF LATEST TRANSACTION
control field 20160510093411.0
008 - FIXED-LENGTH DATA ELEMENTS--GENERAL INFORMATION
fixed length control field 790619s1979 nyu 000 0 eng
010 ## - LIBRARY OF CONGRESS CONTROL NUMBER
LC control number 79052399
020 ## - INTERNATIONAL STANDARD BOOK NUMBER
International Standard Book Number 0807609307
020 ## - INTERNATIONAL STANDARD BOOK NUMBER
International Standard Book Number 0807609382 (pbk.)
040 ## - CATALOGING SOURCE
Original cataloging agency SEKU
050 00 - LIBRARY OF CONGRESS CALL NUMBER
Classification number PS 3535 .O75
Item number A17 1979
100 1# - MAIN ENTRY--PERSONAL NAME
Personal name Rosten, Norman,
Dates associated with a name 1914-
245 00 - TITLE STATEMENT
Title Selected poems /
Statement of responsibility, etc. Norman Rosten.
260 ## - PUBLICATION, DISTRIBUTION, ETC. (IMPRINT)
Place of publication, distribution, etc. New York :
Name of publisher, distributor, etc. G. Braziller,
Date of publication, distribution, etc. c1979.
300 ## - PHYSICAL DESCRIPTION
Extent 171 p. ;
Dimensions 24 cm.
942 ## - ADDED ENTRY ELEMENTS (KOHA)
Source of classification or shelving scheme Library of Congress Classification
Koha item type General circulation
Holdings
Withdrawn status Lost status Source of classification or shelving scheme Damaged status Not for loan Home library Current library Shelving location Date acquired Source of acquisition Total Checkouts Full call number Barcode Date last seen Price effective from Koha item type Public note
    Library of Congress Classification     Main Campus Library Main Campus Library General Stacks 10/05/2016 Donation-books for Africa   PS 3535 .O75 A17 1979 2016/017676 10/05/2016 10/05/2016 General circulation A.K.
Kitui, Kenya.
+254736116989
library@seku.ac.ke